Brawlhalla Legends Titles - Statistiques

Statistiques générales
  • Ce quiz a été pris 152 fois
  • Le résultat moyen est 14 sur 56
Statistiques - réponses
Hint Réponse % Correct
The Vampire King Volkov
62%
Diesel Heart, The Lord Of The Waste Barraza
59%
The God Of Thunder Thor
59%
The Dragon Ragnir
56%
The Unconquered Viking, The Great Bear Bödvar
49%
The Faerie Queen
Arcadia
49%
The Fangwild's Daughter Ember
44%
The Master Thief Caspian
38%
The Spectral Guardian Magyar
38%
The Shark Mako
38%
The Corsair Queen Sidra
38%
The Minotaur Teros
36%
The Shogun's Shadow Jiro
33%
The Gargoyle Onyx
33%
The Hammer Of Justice Sentinel
33%
The Kitsune Yumiko
33%
The Celestial Zariel
33%
The Marshal Of The Old West Cassidy
31%
The Specialist
Isaiah
31%
The Raven Munin
31%
Freelance Reaper Nix
31%
The Unyielding Anvil, Son of Ivaldi Ulgrim
31%
The Superbot Vector
26%
The Dealmaker Cross
23%
The Wanderer, Honor's Blade Koji
23%
The Boulder Kor
23%
The Dune Weaver Mirage
23%
The Bounty Hunter Reno
23%
Lady Necessity, The DaVinci Of Steam Scarlet
23%
The Renegade Sorcerer Dusk
21%
The Master Assassin Ezio
21%
The Star Speaker Fait
21%
The Teacher Lin Fei
21%
The Jaguar Queen Queen Nai
21%
Chooser Of The Slain, Slayer Of The Chosen Brynn
18%
The Monster Hunter Diana
18%
Demon Bride Hattori
18%
The Sellsword Jaeyun
18%
The Iron Commander Xull
18%
The Answer Artemis
15%
The Night Stalker Asuri
15%
The Natural
Kaya
15%
The First Real Man Gnash
15%
Champion Of The Glade Of Dreams Rayman
15%
The Highwayman Lucien
13%
The Ravenous Mordex
13%
The Darkheart Petra
13%
The Ghost In The Machine Ada
10%
The Scarlet Lion Sir Roland
10%
The Madman Of Barbados Thatch
10%
The Traveler Wu Shang
8%
The Despotic Lord Vraxx
5%
The Mysterious Stranger Orion
5%
The Weapon Val
5%
The One-Man Dynasty Azoth
3%
The Unbroken Jhala
3%
Aucun quiz correspondant
Distribution des résultats
% des personnes avec chaque résultat
Percentile par nombre de réponses
Votre historique - résultats
Vous n’avez pas pris ce quiz